LEADER 01622nam a2200325 4500 001 000000360451 003 CaOOAMICUS 005 20241107135634.0 008 241023s2001 it a 000 u ita r 020 $a88-86818-70-X 040 $aSeMil$bita 100 1 $aBorromeo, Federico,$c.$0(OLS)http://semarc/name/3156 240 10$aParallela cosmographica de sede et apparitionibus daemonum.$0(OLS)http://semarc/title/450951 245 10$aManifestazioni demoniache /$cFederico Borromeo ; prefazione di Franco Buzzi ; postfazione di Gabriella Cattaneo traduzione e note di Francesco Di Ciaccia. 264 1$aMilano :$bTerziaria,$cstampa 2001. 300 $a139 p. :$bill. ;$c22 cm 490 1 $aTesti ;$v7 500 $aTrad. condotta sul testo conservato presso la Biblioteca Ambrosiana 650 4$aDemonio - Concezione cristiana.$0(OLS)http://semarc/subject/6236 700 1 $aDi Ciaccia, Francesco,$d<1942- >.$0(OLS)http://semarc/name/39599 700 1 $aCattaneo Di Ciaccia, Gabriella,$d<1959- >.$0(OLS)http://semarc/name/46116 700 1 $aBuzzi, Franco,$c.$0(OLS)http://semarc/name/14631 830 0$aTesti ;$v7.$0(OLS)http://semarc/title/6082 850 $aSeMil 852 $aSeMil$W1$xVenegono$y1$m2X V 256$j252149$B251458$CSeMilBibl$Z2$F251458 $81 961 $aBuzzi mons. Franco - Omaggio 996 $6020$a88-86818-70-X$9(OLS)http://semarc/number/301623 996 $6245$aManifestazioni demoniache$9(OLS)http://semarc/title/450952 996 $6264$aMilano :$bTerziaria$9(OLS)http://semarc/publisher/62048 LEADER 01056nam a2200265 i 4500 001 000000138973 003 CaOOAMICUS 005 20050516000000.0 008 050516s1991 it u000 u ita u 013 $a112977 020 $a88-04-34004-5 040 $aSeMil$bita 100 1 $aAlighieri, Dante,$d<1265-1321>.$0(OLS)http://semarc/name/453 245 10$aInferno. 300 $aLIX, 1050 p. 490 0 $aI Meridiani 650 4$aAlighieri, Dante <1265-1321> . Divina Commedia.$0(OLS)http://semarc/subject/338 700 1 $aChiavacci Leonardi, Anna Maria,$d<1927-2014>.$0(OLS)http://semarc/name/6432 773 0 $aAlighieri, Dante <1265-1321>$tCommedia.$dMilano : A. Mondadori$kMeridiani$z88-04-43361-2$g1$w()13464 830 2$aI Meridiani.$0(OLS)http://semarc/title/6832 850 $aSeMil 852 $aSeMil$W1$xVenegono$y1$m1B I 127/1$j92412$B92412$CSeMilBibl$Z2$F97646 $81 961 $aOmaggio: Marinoni don Giuseppe 996 $6020$a88-04-34004-5$9(OLS)http://semarc/number/126933 996 $6245$aInferno$9(OLS)http://semarc/title/59496